Rediseño del sistema de agua potable en la comunidad de wapy, ciudad El Rama, RACCS

La presente investigación se puede definir como una propuesta para la mejora del suministro de agua potable, el cual con lleva al mejoramiento de la calidad de vida, salud y desarrollo de la población. Por tanto, se realizó un nuevo diseño del sistema de abastecimiento de agua potable en la comu...

Full description

Bibliographic Details
Main Authors: Fernández González, Hannia Valessa, Rivas López, Heyder Antonio
Other Authors: Tutor: Fajardo González, Ricardo Javier
Format: Tesis Section = Libro
Language:Undetermined
Spanish
Published: Managua UNI 2021
Subjects:
LEADER 01374nam a2200265Ia 4500
008 240830s9999 xx 000 0 und d
040 |a BIBLIOTECA-RUPAP/ Mon 628.72 F363 
041 |a spa 
082 |a Mon 628.72 F363 
100 1 |a Fernández González, Hannia Valessa 
100 1 |b Rivas López, Heyder Antonio 
245 1 0 |a Rediseño del sistema de agua potable en la comunidad de wapy, ciudad El Rama, RACCS 
260 |a Managua  |b UNI  |c 2021 
300 |a 136 p.:il. 
500 |a Contiene: anexos y CD. 
502 |a Tesis (Ingeniero Civil)- UNI, 2021. 
520 3 |a La presente investigación se puede definir como una propuesta para la mejora del suministro de agua potable, el cual con lleva al mejoramiento de la calidad de vida, salud y desarrollo de la población. Por tanto, se realizó un nuevo diseño del sistema de abastecimiento de agua potable en la comunidad de Wapy, Municipio de El Rama, Departamento RACCS, en donde casi toda la población hace constar que el servicio de agua potable proporcionado en la actualidad es completamente deficiente, calificándola entre mala y regular. 
650 7 |a AGUA POTABLA 
650 7 |b  ABASTECIMIENTO DE AGUA 
650 7 |c  SUMINISTRO DE AGUA 
650 7 |d  TUBERIAS-DISEÑO Y CONSTRUCCION 
700 1 |a Tutor:  |b Fajardo González, Ricardo Javier 
942 |c BK  |2 ddc 
991 |a TESIS 
999 |c 19018